000 00608nam a2200121Ia 4500
008 220615s9999||||xx |||||||||||||| ||und||
245 0 _aMaterial Cultures of Psychiatry
546 _aEnglish[eng]
650 _aPsychiatry||Material Cultures||Hospital||19th/20th Century||Europe||North America||Cultural History||Psychoanalysis||Medicine||History of Medicine||Medical Ethics||History
700 _aAnkele, Monika||Majerus, Benoît
856 _uhttps://library.oapen.org/bitstream/20.500.12657/50127/1/9783839447888.pdf||https://library.oapen.org/bitstream/20.500.12657/50127/1/9783839447888.pdf
942 _cEB
999 _c7984
_d7984